| 000 | 00605nam a22001697a 4500 | ||
|---|---|---|---|
| 020 | _qHard Cover. | ||
| 082 | _a200 | ||
| 100 | _aAhmed, Mukhtar | ||
| 245 |
_aCharacterization, Modeling and Performance Evaluation of a Variant of Insensitive Munition / _cMukhtar Ahmed. |
||
| 260 |
_aIslamabad: _bSCME - NUST, _c2017. |
||
| 300 |
_axix, 118 p. : ill. : _c30cm. |
||
| 650 |
_aPhD-Materials Engineering _9123162 |
||
| 700 |
_aDr. Abdul Qadeer Malik. _919504 |
||
| 856 | _u http://10.250.8.41:8080/xmlui/handle/123456789/16562 | ||
| 942 |
_2ddc _cTHE |
||
| 999 |
_c528022 _d528022 |
||